Statystyki dla 6 losowych krajów na mapie świata w 15 sekund

Kliknij tutaj aby rozwiązać quiz!

Ogólne statystyki

  • Ten quiz został rozwiązany 298 razy
    (286 od ostatniego zresetowania)
  • Średni wynik to 4 z 6

Odpowiedzi na mapie

Odpowiedzi skodowane kolorowo w zielono-czerwonej skali na mapie do tego quizu, zgodnie z poniższymi procentami.
 

Statystyki odpowiedzi

kraj% Poprawnych
Albania
100%
Algieria
100%
Austria
100%
Bhutan
100%
Boliwia
100%
Botswana
100%
Brazylia
100%
Bułgaria
100%
Chile
100%
Chiny
100%
Czad
100%
Egipt
100%
Estonia
100%
Finlandia
100%
Francja
100%
Gruzja
100%
Hiszpania
100%
Indie
100%
Indonezja
100%
Iran
100%
Irlandia
100%
Jordania
100%
Kazachstan
100%
Kenia
100%
Komory
100%
Korea Północna
100%
Korea Południowa
100%
Kuba
100%
Laos
100%
Malezja
100%
Mali
100%
Maroko
100%
Mongolia
100%
Mozambik
100%
Nepal
100%
Niger
100%
Norwegia
100%
Oman
100%
Palau
100%
Polska
100%
Republika Południowej Afryki
100%
Rosja
100%
Rumunia
100%
Rwanda
100%
Salwador
100%
Senegal
100%
Serbia
100%
Seszele
100%
Słowacja
100%
Sri Lanka
100%
Syria
100%
Tanzania
100%
Ukraina
100%
Wenezuela
100%
Włochy
100%
Zimbabwe
100%
Zjednoczone Emiraty Arabskie
100%
Holandia
75%
Madagaskar
75%
Czechy
67%
Filipiny
67%
Kolumbia
67%
Kostaryka
67%
Litwa
67%
Angola
50%
Azerbejdżan
50%
Erytrea
50%
Gujana
50%
Kosowo
50%
Mjanma
50%
Pakistan
50%
Paragwaj
50%
Sudan
50%
Tadżykistan
50%
Tajwan
50%
Togo
50%
Turcja
50%
Węgry
50%
Wyspy Świętego Tomasza i Książeca
50%
Brunei
33%
Eswatini
33%
Fidżi
33%
Kamerun
33%
Katar
33%
Kuwejt
33%
Malediwy
33%
Tajlandia
33%
Urugwaj
33%
Mołdawia
25%
Afganistan
0%
Andora
0%
Antigua i Barbuda
0%
Arabia Saudyjska
0%
Argentyna
0%
Armenia
0%
Australia
0%
Bahamy
0%
Bahrajn
0%
Bangladesz
0%
Barbados
0%
Belgia
0%
Belize
0%
Benin
0%
Białoruś
0%
Bośnia i Hercegowina
0%
Burkina Faso
0%
Burundi
0%
Chorwacja
0%
Cypr
0%
Czarnogóra
0%
Dania
0%
Demokratyczna Republika Konga
0%
Dominika
0%
Dominikana
0%
Dżibuti
0%
Ekwador
0%
Etiopia
0%
Gabon
0%
Gambia
0%
Ghana
0%
Grecja
0%
Grenada
0%
Gwatemala
0%
Gwinea
0%
Gwinea Bissau
0%
Gwinea Równikowa
0%
Haiti
0%
Honduras
0%
Irak
0%
Islandia
0%
Izrael
0%
Jamajka
0%
Japonia
0%
Jemen
0%
Kambodża
0%
Kanada
0%
Kirgistan
0%
Kiribati
0%
Kongo
0%
Lesotho
0%
Liban
0%
Liberia
0%
Libia
0%
Liechtenstein
0%
Łotwa
0%
Luksemburg
0%
Macedonia Północna
0%
Malawi
0%
Malta
0%
Mauretania
0%
Mauritius
0%
Meksyk
0%
Mikronezja
0%
Monako
0%
Namibia
0%
Nauru
0%
Niemcy
0%
Nigeria
0%
Nikaragua
0%
Nowa Zelandia
0%
Panama
0%
Papua-Nowa Gwinea
0%
Peru
0%
Portugalia
0%
Republika Środkowoafrykańska
0%
Republika Zielonego Przylądka
0%
Saint Kitts i Nevis
0%
Saint Lucia
0%
Saint Vincent i Grenadyny
0%
Samoa
0%
San Marino
0%
Sierra Leone
0%
Singapur
0%
Słowenia
0%
Somalia
0%
Stany Zjednoczone
0%
Sudan Południowy
0%
Surinam
0%
Szwajcaria
0%
Szwecja
0%
Timor Wschodni
0%
Tonga
0%
Trynidad i Tobago
0%
Tunezja
0%
Turkmenistan
0%
Tuvalu
0%
Uganda
0%
Uzbekistan
0%
Vanuatu
0%
Watykan
0%
Wielka Brytania
0%
Wietnam
0%
Wybrzeże Kości Słoniowej
0%
Wyspy Marshalla
0%
Wyspy Salomona
0%
Zambia
0%

Rozkład punktacji

Percentyl według liczby udzielonych odpowiedzi

Procent ludzi z każdym wynikiem

Twoja historia wyników

Nie rozwiązałeś tego quizu od ostatniego zresetowania